Culture Générale - Série 1087 - Statistiques

Statistiques générales
  • Ce quiz a été pris 98 fois
  • Le résultat moyen est 6 sur 10
Statistiques - réponses
Question Réponse % Correct
Quel fruit aurait permis à Isaac Newton de découvrir le principe de l'attraction universelle ? pomme
99%
Le ballet dont la musique a été composée par Tchaïkovski s'intitule : "Le Lac des... cygnes
97%
Quel quadrilatère a quatre côtés égaux et quatre angles droits ? carré
96%
Quelle fête catholique est célébrée le 1er novembre ? Toussaint
92%
Dès 1935, Ray Ventura assurait dans une chanson : "Tout va très bien, Madame la... marquise
81%
Quel appareil enregistre les mesures des séismes et des vibrations de l'écorce terrestre ? sismographe
66%
En 1896, à quel personnage devenant roi de Pologne, Alfred Jarry consacre-t-il une pièce de théâtre ? Ubu
64%
Quel conifère de grande taille est appelé également faux sapin ou épinette au Canada ? épicéa
34%
D'après la Genèse, quel patriarche a vu en songe une échelle reliant la Terre au ciel ? Jacob
11%
Quelle rivière arrose la ville de Bruxelles ? Senne
8%
Aucun quiz correspondant
Distribution des résultats
% des personnes avec chaque résultat
Percentile par nombre de réponses
Votre historique - résultats
Vous n’avez pas pris ce quiz